• 首页
  • 本馆介绍
  • 公告通知
  • 最新文献
  • 馆藏检索
  • 电子资源
  • 读者导购
  • 参考咨询
  • 我的图书馆
  • 登录
  • 详细信息显示
  • 放入我的书架
  • 预约/预借图书
  • 作者相关作品
  • 分类相关作品
  • 丛书相关作品
  • 出版社相关作品

书目信息

  • 表格格式
  • 工作单格式
  • 卡片格式
题名:
微波电讯建筑设计
    
 
作者: ;郑州工学院《 微波电讯建筑设计》编写组 编
分册:  
出版信息: 郑州   河南科学技术出版社  1983
页数: 134页
开本: 25cm
丛书名:
单 册:
中图分类: TU248.7
科图分类:
主题词: 邮电通信建筑-微波通信-建筑设计 , 建筑设计-邮电通信建筑-微波通信 , 微波通信-邮电通信建筑-建筑设计
电子资源:
ISBN:
000 00828nam0 2200253 45
001 0183004828
005 20060805153935.48
010    @dCNY1.20
091    @a15245.25
100    @a19950828d1983 emky0chiy0121 ea
101 0  @achi
102    @aCN@b410000
105    @ay z 000yy
200 10 @a微波电讯建筑设计@Awei bo dian xun jian zhu she ji@f郑州工学院《微波电讯建筑设计》编写编
210    @a郑州@c河南科学技术出版社@d1983
215    @a134页@d25cm
606    @a邮电通信建筑-微波通信-建筑设计
606    @a建筑设计-邮电通信建筑-微波通信
606    @a微波通信-邮电通信建筑-建筑设计
690    @aTU248.7@v3
711 02 @a郑州工学院《 微波电讯建筑设计》编写组@Azheng zhou gong xue yuan wei bo dian xun jian zhu she ji bian xie zu@4编
801  2 @aCN@bNLC@c20060805
801  0 @aCN@bTSSF
905    @a10447@dTU248.7@e273
    
    微波电讯建筑设计/郑州工学院《微波电讯建筑设计》编写编.-郑州:河南科学技术出版社,1983
    134页;25cm
    
    
    ISBN :CNY1.20
    
●
相关链接 在E读中查询图书 在五车中查询图书 在当当中查询图书 在豆瓣中查询图书


正题名:微波电讯建筑设计     索取号:TU248.7/273         预约/预借

序号 登录号 条形码 馆藏地/架位号 状态 备注
1 0451629   204516292   密集书库/ [索取号:TU248.7/273] 在馆    
2 0451630   204516309   密集书库/ [索取号:TU248.7/273] 在馆    
唐山师范学院图书馆 欢迎您!
大连网信软件有限公司© 版权所有